000 01107nam2a22002291 4500
001 v19\rc\2058994
005 20250620024056.0
035 _a(NLR Aleph) 005136089
090 _a4756525
_c4756526
100 _a20081111d1910 |||y0rusy50 ca
101 0 _arus
102 _aRU
105 _ay z |||||
200 0 _a... о шестнадцатом операционном 1909 годе
210 _d1910
_aБ. м.
215 _a17 с.
461 0 _1001v19\rc\2058992
_12001#$aОтчет...$fАнонимное о-во конно-железных дорог, ныне трамваев, в Казани$v... о шестнадцатом операционном 1909 годе
_94756508
_aКазанское общество конно-железных дорог
_cКазань
_d1909-1914
_fАнонимное о-во конно-железных дорог, ныне трамваев, в Казани
_tОтчет...
_v... о шестнадцатом операционном 1909 годе
801 0 _aRU
_bNLR
_gpsbo
801 1 _aRU
_bProSoft-M
_2rusmarc
852 _aNLR
_j18.276.8.45
942 _cBOOK
980 _aNB